El abate Marchena

Αποθηκεύτηκε σε:
Λεπτομέρειες βιβλιογραφικής εγγραφής
Κύριος συγγραφέας: Menéndez y Pelayo, Marcelino
Μορφή: Βιβλίο
Γλώσσα:Undetermined
Έκδοση: Buenos Aires, Argentina Espasa-Calpe 1946
Έκδοση:2
Θέματα:
Ετικέτες: Προσθήκη ετικέτας
Δεν υπάρχουν, Καταχωρήστε ετικέτα πρώτοι!

MARC

LEADER 00000nam a2200000Ia 4500
008 170316s9999 xx 000 0 und d
040 |a cru BVZT 
090 |a 862 M-37a 
100 |a Menéndez y Pelayo, Marcelino 
245 |a El abate Marchena 
250 |a 2 
260 |a Buenos Aires, Argentina 
260 |b Espasa-Calpe 
260 |c 1946 
300 |a 151 páginas 
650 |a LITERATURA ESPAÑOLA 
650 |a ROMANCE 
942 |c 15 D 
999 |c 10154  |d 10154